Statistiques concernant Toutes les primes des mugiwaras

Cliquez ici pour prendre le quiz!

Statistiques générales

  • Ce quiz a été pris 21 fois
  • Le résultat moyen est 24 sur 38

Statistiques - réponses

Réponse% Correct
100
100%
1 000
100%
100 000 000
100%
50
100%
30 000 000
94%
30 000 000
94%
500 000 000
94%
500 000 000
94%
1 500 000 000
88%
300 000 000
88%
3 000 000 000
88%
400 000 000
88%
80 000 000
88%
60 000 000
81%
200 000 000
69%
320 000 000
69%
33 000 000
69%
120 000 000
63%
16 000 000
63%
130 000 000
56%
330 000 000
56%
44 000 000
56%
66 000 000
50%
77 000 000
50%
1 100 000 000
44%
79 000 000
44%
94 000 000
44%
1 111 000 000
38%
250 000 000
38%
366 000 000
38%
383 000 000
38%
394 000 000
38%
83 000 000
38%
76 000 000
31%
930 000 000
31%
1 032 000 000
25%
177 000 000
25%
438 000 000
25%

Distribution des résultats

Percentile par nombre de réponses

% des personnes avec chaque résultat

Votre développement - résultats

Vous n’avez pas pris ce quiz